[Event "GER-chT Seniors 21st"]
[Site "Berlin"]
[Date "2012.09.13"]
[Round "4.14"]
[White "Hurst, Peter"]
[Black "Bakhmatov, Eduard"]
[Result "0-1"]
[WhiteElo "2103"]
[BlackElo "2191"]
[PlyCount "58"]
[EventDate "2012.09.10"]
[EventType "team-swiss"]
[EventRounds "7"]
[EventCountry "GER"]
[SourceTitle "CBM 150 Extra"]
[Source "ChessBase"]
[SourceDate "2012.10.19"]
[SourceVersion "1"]
[SourceVersionDate "2012.10.19"]
[SourceQuality "1"]
[WhiteTeam "Baden Seniors II"]
[BlackTeam "NRW Seniors"]
[WhiteTeamCountry "GER"]
[BlackTeamCountry "GER"]

1. d4 Nf6 2. Nf3 g6 3. Bf4 Bg7 4. e3 b6 5. c4 0-0 6. Nc3 c5 7. Be2 cxd4 8. Nxd4 Bb7 9. 0-0 Na6 10. Rc1 Nc5 11. Nf3 d6 12. Nd2 Qd7 13. b4 Ne6 14. Bg3 d5 15. cxd5 Nxd5 16. Nxd5 Bxd5 17. Nc4 Rfd8 18. Bf3 Rac8 19. Bxd5 Qxd5 20. Qb3 Qd3 21. Qxd3 Rxd3 22. h3 Rc3 23. Rxc3 Bxc3 24. Ne5 Bxb4 25. Nd3 Ba3 26. Rb1 Rc2 27. Bb8 Rd2 28. Rb3 Rxa2 29. Bxa7 Ra1+ 0-1

[Event "GER-chT Seniors 21st"]
[Site "Berlin"]
[Date "2012.09.10"]
[Round "1.3"]
[White "Bakhmatov, Eduard"]
[Black "Zunker, Reinhard"]
[Result "1-0"]
[WhiteElo "2191"]
[BlackElo "2045"]
[PlyCount "75"]
[EventDate "2012.09.10"]
[EventType "team-swiss"]
[EventRounds "7"]
[EventCountry "GER"]
[SourceTitle "CBM 150 Extra"]
[Source "ChessBase"]
[SourceDate "2012.10.19"]
[SourceVersion "1"]
[SourceVersionDate "2012.10.19"]
[SourceQuality "1"]
[WhiteTeam "NRW Seniors"]
[BlackTeam "Hessen Seniors II"]
[WhiteTeamCountry "GER"]
[BlackTeamCountry "GER"]

1. e4 c5 2. Nf3 Nc6 3. Bb5 g6 4. c3 Bg7 5. d4 cxd4 6. cxd4 a6 7. Bxc6 bxc6 8. Nc3 d6 9. h3 Nf6 10. 0-0 0-0 11. Re1 Rb8 12. Qa4 Qc7 13. Qa3 Qb6 14. e5 Ne8 15. Ne4 d5 16. Nc5 Nc7 17. b3 Re8 18. Bd2 Ne6 19. Rac1 Nxc5 20. Rxc5 e6 21. Qc1 Bd7 22. Bh6 Qd8 23. Bg5 Qc7 24. h4 Bf8 25. h5 Rb5 26. Nh2 Rxc5 27. dxc5 Rb8 28. Ng4 Bg7 29. Bf6 Bxf6 30. exf6 Qd8 31. Qf4 Qf8 32. Nh6+ Kh8 33. Nxf7+ Kg8 34. hxg6 hxg6 35. Ne5 Be8 36. f7+ Bxf7 37. Nxf7 Rb7 38. Nh6+ 1-0

[Event "GER-ch Seniors"]
[Site "Dresden"]
[Date "2012.08.12"]
[Round "4"]
[White "Bakhmatov, Eduard"]
[Black "Schmidt, Bodo"]
[Result "0-1"]
[WhiteElo "2304"]
[BlackElo "2343"]
[PlyCount "80"]
[EventDate "2012.08.09"]
[EventType "swiss"]
[EventRounds "9"]
[EventCountry "GER"]
[SourceTitle "EXT 2014"]
[Source "ChessBase"]
[SourceDate "2013.11.20"]
[SourceVersion "1"]
[SourceVersionDate "2013.11.20"]
[SourceQuality "1"]

1. e4 e6 2. d4 d5 3. e5 c5 4. c3 Nc6 5. Nf3 Bd7 6. Be2 Nge7 7. Na3 cxd4 8. cxd4 Qb6 9. 0-0 Nf5 10. Nc2 Na5 11. Ne3 Nxe3 12. fxe3 Be7 13. Ne1 0-0 14. Nd3 Rac8 15. b3 Nc6 16. a3 Nxd4 17. Bh5 Nc2 18. Ra2 Nxe3 19. Bxe3 Qxe3+ 20. Kh1 Rc3 21. Be2 Rfc8 22. Rf3 Qd4 23. Qf1 Bb5 24. Rxf7 Bf6 25. Rxf6 gxf6 26. Ne1 Bxe2 27. Rxe2 f5 28. g4 f4 29. Nf3 Qd3 30. Ne1 Qd4 31. Nf3 Qc5 32. Qh3 Rc2 33. Re1 Rc1 34. g5 Rc6 35. Qh5 Qe7 36. g6 Rxe1+ 37. Nxe1 Rc1 38. gxh7+ Kh8 39. Kg1 Rxe1+ 40. Kf2 Rc1 0-1

[Event "GER-ch Seniors"]
[Site "Dresden"]
[Date "2012.08.11"]
[Round "3"]
[White "Andersen, Kaare Vissing"]
[Black "Bakhmatov, Eduard"]
[Result "0-1"]
[WhiteElo "2211"]
[BlackElo "2304"]
[PlyCount "164"]
[EventDate "2012.08.09"]
[EventType "swiss"]
[EventRounds "9"]
[EventCountry "GER"]
[SourceTitle "EXT 2014"]
[Source "ChessBase"]
[SourceDate "2013.11.20"]
[SourceVersion "1"]
[SourceVersionDate "2013.11.20"]
[SourceQuality "1"]

1. c4 e5 2. g3 Nf6 3. Bg2 c6 4. Nf3 e4 5. Nd4 Qb6 6. e3 d5 7. Nc3 Na6 8. cxd5 cxd5 9. d3 Bb4 10. 0-0 0-0 11. Na4 Qd8 12. a3 Be7 13. b4 Bg4 14. f3 exf3 15. Bxf3 Qd7 16. Bxg4 Nxg4 17. Nf5 Ne5 18. Nxe7+ Qxe7 19. Bb2 Rfe8 20. Rf5 Ng6 21. Bd4 Nc7 22. Nc3 Qe6 23. Qf3 Rad8 24. Rf1 Rd7 25. h4 f6 26. h5 Ne7 27. Rf4 Nc6 28. h6 Nxd4 29. exd4 Qe3+ 30. Kg2 Qxf3+ 31. R1xf3 Ne6 32. Rg4 Ng5 33. Rf5 Red8 34. hxg7 Kxg7 35. Rgf4 Ne6 36. Rg4+ Kf7 37. Rh5 Ng5 38. Rf4 Kg6 39. Rh1 Rc7 40. Ne2 Rc2 41. Rf2 Ne6 42. Rhf1 Kg7 43. Kh3 Re8 44. Kg4 f5+ 45. Kh4 Nf8 46. Nf4 Ng6+ 47. Kg5 Rxf2 48. Nh5+ Kf7 49. Rxf2 Ne7 50. Rc2 Rg8+ 51. Kf4 Kg6 52. Rc7 Nc6 53. g4 fxg4 54. Kxg4 Kh6+ 55. Kh4 Nxd4 56. Nf6 Nf5+ 57. Kh3 Rg3+ 58. Kh2 Rxd3 59. Rxb7 Kg6 60. Nxh7 Rxa3 61. Nf8+ Kg5 62. Nd7 d4 63. Nc5 Kg4 64. Kg2 Ra2+ 65. Kf1 Kf3 66. Ke1 Ke3 67. Kd1 d3 68. Nb3 Rb2 69. Nc1 Rh2 70. Nxd3 Kxd3 71. Rd7+ Nd4 72. Kc1 a6 73. Kb1 Kc3 74. Rd6 Rb2+ 75. Kc1 Ra2 76. Kb1 Ra4 77. Rb6 Rxb4+ 78. Rxb4 Kxb4 79. Kb2 a5 80. Ka2 a4 81. Kb2 a3+ 82. Ka2 Nc2 0-1

[Event "GER-ch Seniors"]
[Site "Dresden"]
[Date "2012.08.10"]
[Round "2"]
[White "Bakhmatov, Eduard"]
[Black "Liebscher, Helmar"]
[Result "1-0"]
[WhiteElo "2304"]
[BlackElo "2096"]
[PlyCount "71"]
[EventDate "2012.08.09"]
[EventType "swiss"]
[EventRounds "9"]
[EventCountry "GER"]
[SourceTitle "EXT 2014"]
[Source "ChessBase"]
[SourceDate "2013.11.20"]
[SourceVersion "1"]
[SourceVersionDate "2013.11.20"]
[SourceQuality "1"]

1. e4 e5 2. Nf3 Nc6 3. Bc4 Nf6 4. d4 exd4 5. e5 d5 6. Bb5 Ne4 7. Nxd4 Bd7 8. Bxc6 bxc6 9. 0-0 Bc5 10. Be3 Qe7 11. Re1 0-0 12. f3 Ng5 13. Nd2 Bb6 14. f4 c5 15. N4b3 Ne6 16. f5 Nd4 17. f6 gxf6 18. Nxd4 cxd4 19. Bh6 fxe5 20. Qf3 f6 21. Bxf8 Rxf8 22. Qxd5+ Be6 23. Qe4 Qb4 24. Qd3 Ba5 25. Ne4 Bc4 26. Qg3+ Kh8 27. b3 Bd5 28. Qh4 d3 29. c3 Qb6+ 30. Kh1 Qc6 31. b4 Bb6 32. Rad1 Qa8 33. Rxd3 f5 34. Rg3 Bxe4 35. Qe7 Bxg2+ 36. Rxg2 1-0

[Event "Ruhrgebiet Regionalliga 1112"]
[Site "Nordrheinwestfalen"]
[Date "2012.05.06"]
[Round "9.4"]
[White "Reisberg, Andre"]
[Black "Bakhmatov, Eduard"]
[Result "1-0"]
[WhiteElo "1814"]
[BlackElo "2198"]
[PlyCount "41"]
[EventDate "2011.09.25"]
[EventType "team-tourn"]
[EventRounds "9"]
[EventCountry "GER"]
[SourceTitle "EXT 2020"]
[Source "ChessBase"]
[SourceDate "2019.10.17"]
[SourceVersion "1"]
[SourceVersionDate "2019.10.17"]
[SourceQuality "1"]
[WhiteTeam "Brackel SF"]
[BlackTeam "Hattingen"]
[WhiteTeamCountry "GER"]
[BlackTeamCountry "GER"]

1. d4 Nf6 2. c4 c5 3. d5 b5 4. e3 g6 5. Nf3 Bg7 6. Be2 Bb7 7. 0-0 0-0 8. Qb3 b4 9. a3 a5 10. axb4 axb4 11. Rxa8 Bxa8 12. Nbd2 d6 13. Qa2 Nbd7 14. b3 e6 15. dxe6 fxe6 16. Ng5 Qe7 17. Bf3 Nd5 18. cxd5 Qxg5 19. dxe6 Nb6 20. Qa7 Rxf3 21. Nxf3 1-0

[Event "Ruhrgebiet Regionalliga 1112"]
[Site "Nordrheinwestfalen"]
[Date "2012.03.18"]
[Round "8.3"]
[White "Aulich, Marcell"]
[Black "Bakhmatov, Eduard"]
[Result "0-1"]
[WhiteElo "2058"]
[BlackElo "2198"]
[PlyCount "46"]
[EventDate "2011.09.25"]
[EventType "team-tourn"]
[EventRounds "9"]
[EventCountry "GER"]
[SourceTitle "EXT 2020"]
[Source "ChessBase"]
[SourceDate "2019.10.17"]
[SourceVersion "1"]
[SourceVersionDate "2019.10.17"]
[SourceQuality "1"]
[WhiteTeam "Horst Emscher"]
[BlackTeam "Hattingen"]
[WhiteTeamCountry "GER"]
[BlackTeamCountry "GER"]

1. e4 c5 2. Nf3 e6 3. c3 d5 4. exd5 Qxd5 5. d4 Nf6 6. Bb5+ Bd7 7. Bxd7+ Nbxd7 8. 0-0 Be7 9. Qe2 0-0 10. c4 Qh5 11. d5 Bd6 12. Nc3 exd5 13. cxd5 Nxd5 14. Nxd5 Bxh2+ 15. Kh1 Bc7+ 16. Kg1 Qxd5 17. Rd1 Qc6 18. Qe7 Rfe8 19. Qh4 Re4 20. Qh3 Nf6 21. Ng5 Re2 22. Qd3 Rae8 23. Be3 R8xe3 0-1

[Event "Ruhrgebiet Regionalliga 1112"]
[Site "Nordrheinwestfalen"]
[Date "2011.09.25"]
[Round "1.3"]
[White "Bakhmatov, Eduard"]
[Black "Sohlmann, Jan Henning"]
[Result "0-1"]
[WhiteElo "2198"]
[BlackElo "2099"]
[PlyCount "66"]
[EventDate "2011.09.25"]
[EventType "team-tourn"]
[EventRounds "9"]
[EventCountry "GER"]
[SourceTitle "EXT 2020"]
[Source "ChessBase"]
[SourceDate "2019.10.17"]
[SourceVersion "1"]
[SourceVersionDate "2019.10.17"]
[SourceQuality "1"]
[WhiteTeam "Hattingen"]
[BlackTeam "Welper SV"]
[WhiteTeamCountry "GER"]
[BlackTeamCountry "GER"]

1. e4 e6 2. Nf3 d5 3. Nc3 Nf6 4. e5 Nfd7 5. d4 c5 6. dxc5 Nc6 7. Bf4 Be7 8. h4 Nxc5 9. Qd2 a6 10. 0-0-0 b5 11. Bd3 Rb8 12. Rh3 Na4 13. Ne2 Na5 14. Qe1 Nc4 15. b4 Ncb2 16. Bd2 Qc7 17. Nfd4 Bd7 18. f4 f5 19. Qg3 Kf7 20. Re1 Rhc8 21. Qf3 Nxd3+ 22. Qxd3 h5 23. Nxf5 exf5 24. e6+ Bxe6 25. Nd4 Bd7 26. Nxf5 Qxc2+ 27. Qxc2 Rxc2+ 28. Kxc2 Bxf5+ 29. Kb3 Bxh3 30. gxh3 Bf6 31. f5 Nb6 32. Re6 Nc4 33. Bf4 Rb6 0-1

[Event "GER-chT Seniors 20th"]
[Site "Gladenbach"]
[Date "2011.09.15"]
[Round "5.1"]
[White "Hilburt, Leonid"]
[Black "Bakhmatov, Eduard"]
[Result "1/2-1/2"]
[WhiteElo "2024"]
[BlackElo "2201"]
[PlyCount "57"]
[EventDate "2011.09.11"]
[EventType "team-swiss"]
[EventRounds "7"]
[EventCountry "GER"]
[SourceTitle "CBM 144 Extra"]
[Source "ChessBase"]
[SourceDate "2011.10.28"]
[SourceVersion "1"]
[SourceVersionDate "2011.10.28"]
[SourceQuality "1"]
[WhiteTeam "Niedersachsen II"]
[BlackTeam "NRW II"]
[WhiteTeamCountry "GER"]
[BlackTeamCountry "GER"]

1. e4 c5 2. Nc3 Nc6 3. g3 g6 4. Bg2 Bg7 5. f4 d6 6. d3 Bd7 7. Nf3 Rb8 8. a4 a6 9. 0-0 b5 10. axb5 axb5 11. h3 e6 12. g4 h5 13. g5 Nge7 14. h4 0-0 15. Ne2 Qb6 16. Kh1 Ra8 17. Rxa8 Rxa8 18. c3 b4 19. Be3 bxc3 20. bxc3 Ra2 21. Nd2 d5 22. Re1 Qb2 23. Qb1 Qxb1 24. Nxb1 d4 25. Bg1 e5 26. Nc1 Rb2 27. Na3 exf4 28. Nc4 Rc2 29. Ne2 1/2-1/2

[Event "GER-chT Seniors 20th"]
[Site "Gladenbach"]
[Date "2011.09.13"]
[Round "3.1"]
[White "Hess, Christian"]
[Black "Bakhmatov, Eduard"]
[Result "1/2-1/2"]
[WhiteElo "2162"]
[BlackElo "2201"]
[PlyCount "55"]
[EventDate "2011.09.11"]
[EventType "team-swiss"]
[EventRounds "7"]
[EventCountry "GER"]
[SourceTitle "CBM 144 Extra"]
[Source "ChessBase"]
[SourceDate "2011.10.28"]
[SourceVersion "1"]
[SourceVersionDate "2011.10.28"]
[SourceQuality "1"]
[WhiteTeam "Hamburg"]
[BlackTeam "NRW II"]
[WhiteTeamCountry "GER"]
[BlackTeamCountry "GER"]

1. Nf3 Nf6 2. c4 d6 3. d4 g6 4. Nc3 Bg7 5. Bg5 h6 6. Bh4 0-0 7. e3 c6 8. Be2 Nbd7 9. Qc2 e5 10. 0-0 Re8 11. Rfd1 Qc7 12. Rac1 Nf8 13. h3 Bf5 14. Qa4 Ne4 15. Nxe4 Bxe4 16. dxe5 dxe5 17. Nd2 Bf5 18. c5 g5 19. Bg3 Ne6 20. Bg4 Bg6 21. Bxe6 Rxe6 22. e4 Rae8 23. Qc2 Qe7 24. b4 a5 25. a3 axb4 26. axb4 Rd8 27. Nb3 b5 28. f3 1/2-1/2

[Event "GER-chT Seniors 20th"]
[Site "Gladenbach"]
[Date "2011.09.11"]
[Round "1.1"]
[White "Orwatsch, Gerhard"]
[Black "Bakhmatov, Eduard"]
[Result "0-1"]
[WhiteElo "1992"]
[BlackElo "2201"]
[PlyCount "94"]
[EventDate "2011.09.11"]
[EventType "team-swiss"]
[EventRounds "7"]
[EventCountry "GER"]
[SourceTitle "CBM 144 Extra"]
[Source "ChessBase"]
[SourceDate "2011.10.28"]
[SourceVersion "1"]
[SourceVersionDate "2011.10.28"]
[SourceQuality "1"]
[WhiteTeam "Hessen III"]
[BlackTeam "NRW II"]
[WhiteTeamCountry "GER"]
[BlackTeamCountry "GER"]

1. d4 Nf6 2. Bf4 g6 3. e3 Bg7 4. Nd2 d6 5. h3 0-0 6. Bc4 Nbd7 7. Ngf3 b6 8. 0-0 Bb7 9. c3 Qe8 10. a4 a6 11. Qc2 e5 12. Bh2 Qe7 13. dxe5 dxe5 14. Rfd1 Kh8 15. Bg3 e4 16. Ne1 Ne5 17. Bf1 g5 18. Nc4 Ng6 19. Rd2 Nd5 20. Rad1 Rad8 21. Qb3 f5 22. Nc2 f4 23. Bh2 Nh4 24. Nb4 Qf7 25. Qc2 Nxb4 26. cxb4 Rxd2 27. Qxd2 Bc6 28. b3 Ng6 29. Qc2 Bd5 30. Qe2 b5 31. axb5 axb5 32. Na3 c6 33. exf4 Nxf4 34. Qe3 Qf5 35. h4 Ne6 36. Nb1 gxh4 37. Be2 Bxb3 38. Rd7 Bd5 39. Rxg7 Kxg7 40. Nd2 Kg8 41. Bd6 Rd8 42. Be7 Ra8 43. Bxh4 Qf4 44. Qh3 Ra2 45. Bg4 Ra1+ 46. Nf1 Rxf1+ 47. Kxf1 Qc1+ 0-1

[Event "Ruhrgebiet Verbandsliga1 1011"]
[Site "Nordrheinwestfalen"]
[Date "2011.04.10"]
[Round "9.2"]
[White "Bakhmatov, Eduard"]
[Black "Koth, Stefan"]
[Result "1-0"]
[WhiteElo "2212"]
[BlackElo "2056"]
[PlyCount "61"]
[EventDate "2011.09.12"]
[EventType "team-tourn"]
[EventRounds "9"]
[EventCountry "GER"]
[SourceTitle "EXT 2020"]
[Source "ChessBase"]
[SourceDate "2019.10.17"]
[SourceVersion "1"]
[SourceVersionDate "2019.10.17"]
[SourceQuality "1"]
[WhiteTeam "Hattingen"]
[BlackTeam "Doppelbauer Brambauer"]
[WhiteTeamCountry "GER"]
[BlackTeamCountry "GER"]

1. e4 c5 2. Nf3 b6 3. Nc3 Bb7 4. d4 cxd4 5. Nxd4 Nc6 6. Be3 Nf6 7. f3 g6 8. Qd2 Bg7 9. 0-0-0 Nxd4 10. Bxd4 Rc8 11. g4 d6 12. h4 Kf8 13. h5 Ne8 14. Bxg7+ Nxg7 15. hxg6 fxg6 16. e5 Kg8 17. Qd4 Bxf3 18. Bc4+ e6 19. exd6 Bxh1 20. Rxh1 Qg5+ 21. Kb1 Qc5 22. d7 Rd8 23. Qd3 Qe7 24. Ne4 h5 25. Rf1 Nf5 26. gxf5 gxf5 27. Rxf5 Rh6 28. Rg5+ Kh8 29. Qd4+ e5 30. Rxe5 Rxd7 31. Rd5+ 1-0

[Event "Ruhrgebiet Verbandsliga1 1011"]
[Site "Nordrheinwestfalen"]
[Date "2011.01.16"]
[Round "5"]
[White "Canzler, Harald"]
[Black "Bakhmatov, Eduard"]
[Result "1/2-1/2"]
[WhiteElo "2003"]
[BlackElo "2212"]
[PlyCount "47"]
[EventDate "2011.09.12"]
[EventType "team-tourn"]
[EventRounds "9"]
[EventCountry "GER"]
[SourceTitle "EXT 2020"]
[Source "ChessBase"]
[SourceDate "2019.10.17"]
[SourceVersion "1"]
[SourceVersionDate "2019.10.17"]
[SourceQuality "1"]
[WhiteTeam "Dortmund SV"]
[BlackTeam "Hattingen"]
[WhiteTeamCountry "GER"]
[BlackTeamCountry "GER"]

1. g3 Nf6 2. Bg2 g6 3. e4 d6 4. d4 Bg7 5. Ne2 0-0 6. 0-0 Nbd7 7. h3 e5 8. c3 Re8 9. Qc2 b6 10. Be3 Bb7 11. Nd2 Qe7 12. d5 c6 13. c4 Rec8 14. Nc3 b5 15. dxc6 Bxc6 16. cxb5 Bxb5 17. Rfc1 Nb6 18. Qb3 Bc4 19. Nxc4 Nxc4 20. Nd5 Nxd5 21. exd5 Nxe3 22. Qxe3 Qb7 23. Rxc8+ Rxc8 24. Rc1 1/2-1/2

[Event "GER-chT Seniors 19th"]
[Site "Eckernfoerde"]
[Date "2010.09.18"]
[Round "6.2"]
[White "Bakhmatov, Eduard"]
[Black "Klundt, Klaus"]
[Result "1/2-1/2"]
[WhiteElo "2264"]
[BlackElo "2323"]
[PlyCount "61"]
[EventDate "2010.09.13"]
[EventType "team-swiss"]
[EventRounds "7"]
[EventCountry "GER"]
[SourceTitle "EXT 2011"]
[Source "ChessBase"]
[SourceDate "2010.11.26"]
[SourceVersion "1"]
[SourceVersionDate "2010.11.26"]
[SourceQuality "1"]
[WhiteTeam "NRW"]
[BlackTeam "Hessen"]
[WhiteTeamCountry "GER"]
[BlackTeamCountry "GER"]

1. e4 c5 2. Nf3 Nc6 3. Nc3 e5 4. Bc4 Be7 5. d3 Nf6 6. Ng5 0-0 7. f4 exf4 8. Bxf4 d6 9. 0-0 h6 10. Nf3 Be6 11. Nd5 Bxd5 12. Bxd5 Nxd5 13. exd5 Nb8 14. Re1 Na6 15. c4 Qd7 16. Qd2 Rfe8 17. Rac1 b5 18. Re4 Bf8 19. b3 bxc4 20. Rxe8 Rxe8 21. dxc4 Qf5 22. Bg3 Qd7 23. Re1 Nc7 24. Qa5 Rxe1+ 25. Bxe1 Ne8 26. b4 cxb4 27. Qxb4 Nf6 28. a4 a6 29. a5 Qg4 30. Qc3 Nd7 31. Qe3 1/2-1/2

[Event "GER-chT Seniors 19th"]
[Site "Eckernfoerde"]
[Date "2010.09.17"]
[Round "5.2"]
[White "Bakhmatov, Eduard"]
[Black "Walkewitz, Hubert"]
[Result "1-0"]
[WhiteElo "2264"]
[BlackElo "2103"]
[PlyCount "118"]
[EventDate "2010.09.13"]
[EventType "team-swiss"]
[EventRounds "7"]
[EventCountry "GER"]
[SourceTitle "EXT 2011"]
[Source "ChessBase"]
[SourceDate "2010.11.26"]
[SourceVersion "1"]
[SourceVersionDate "2010.11.26"]
[SourceQuality "1"]
[WhiteTeam "NRW"]
[BlackTeam "Brandenburg"]
[WhiteTeamCountry "GER"]
[BlackTeamCountry "GER"]

1. e4 d5 2. exd5 Qxd5 3. Nc3 Qa5 4. Bc4 Nf6 5. d3 c6 6. Bd2 Bg4 7. f3 Bh5 8. Nge2 Nbd7 9. Nf4 e5 10. Qe2 Bb4 11. Nxh5 Nxh5 12. f4 Nhf6 13. d4 e4 14. Nxe4 0-0 15. Bxb4 Qxb4+ 16. c3 Qe7 17. Nxf6+ Qxf6 18. 0-0 b5 19. Bb3 a5 20. a3 b4 21. axb4 axb4 22. Rxa8 Rxa8 23. Qg4 Qd6 24. Qh5 g6 25. Qg5 Kg7 26. f5 f6 27. Qe3 bxc3 28. bxc3 gxf5 29. Rxf5 Ra1+ 30. Rf1 Ra3 31. Be6 Nf8 32. Bf5 Ng6 33. Rb1 Ra7 34. Bxg6 hxg6 35. Re1 Qd5 36. Qe8 Ra2 37. Qe7+ Kh6 38. Qe3+ Kg7 39. Qe4 Qxe4 40. Rxe4 Kf7 41. h4 Rc2 42. Re3 f5 43. Kh2 Kf6 44. Kg3 g5 45. hxg5+ Kxg5 46. Kf3 Kf6 47. g4 fxg4+ 48. Kxg4 Rg2+ 49. Kf3 Rg6 50. Re5 Kf7 51. Ke4 Rg3 52. c4 Rg4+ 53. Kd3 Rh4 54. Re4 Rh3+ 55. Kc2 Rg3 56. Re5 Rh3 57. Rc5 Rh6 58. Kc3 Ke7 59. Kb4 Kd7 1-0

[Event "GER-chT Seniors 19th"]
[Site "Eckernfoerde"]
[Date "2010.09.15"]
[Round "3.2"]
[White "Bakhmatov, Eduard"]
[Black "Dekan, Hans"]
[Result "1-0"]
[WhiteElo "2264"]
[BlackElo "2081"]
[PlyCount "74"]
[EventDate "2010.09.13"]
[EventType "team-swiss"]
[EventRounds "7"]
[EventCountry "GER"]
[SourceTitle "EXT 2011"]
[Source "ChessBase"]
[SourceDate "2010.11.26"]
[SourceVersion "1"]
[SourceVersionDate "2010.11.26"]
[SourceQuality "1"]
[WhiteTeam "NRW"]
[BlackTeam "Baden II"]
[WhiteTeamCountry "GER"]
[BlackTeamCountry "GER"]

1. e4 c5 2. Nf3 Nc6 3. Bb5 Nd4 4. Bc4 e6 5. Nc3 a6 6. a4 Qc7 7. d3 b6 8. Be3 Nxf3+ 9. Qxf3 Bb7 10. 0-0 Bd6 11. Qh3 Bf4 12. Bxf4 Qxf4 13. Rae1 Nh6 14. Ne2 Qg4 15. Qe3 Nf5 16. Qd2 Nh4 17. Ng3 Qf3 18. gxf3 Nxf3+ 19. Kg2 Nxd2 20. Rg1 Nxc4 21. dxc4 g6 22. f3 d6 23. Re3 Bc6 24. Rb3 Rb8 25. a5 b5 26. cxb5 Rxb5 27. Rxb5 axb5 28. c3 c4 29. Ne2 e5 30. Ra1 Kd7 31. Nc1 d5 32. exd5 Bxd5 33. Na2 Kc7 34. Nb4 Ba8 35. Kf2 Rd8 36. Ke3 Rd6 37. f4 e4 1-0

[Event "GER-ch Seniors 22nd"]
[Site "Berlin"]
[Date "2010.08.23"]
[Round "8"]
[White "Bakhmatov, Eduard"]
[Black "Bogorad, Michail"]
[Result "1-0"]
[WhiteElo "2237"]
[BlackElo "2118"]
[PlyCount "83"]
[EventDate "2010.08.16"]
[EventType "swiss"]
[EventRounds "9"]
[EventCountry "GER"]
[SourceTitle "CBM 138 Extra"]
[Source "ChessBase"]
[SourceDate "2010.10.29"]
[SourceVersion "1"]
[SourceVersionDate "2010.10.29"]
[SourceQuality "1"]

1. e4 c5 2. Nf3 g6 3. d4 cxd4 4. Nxd4 Bg7 5. Nc3 Nc6 6. Nde2 Nf6 7. g3 0-0 8. Bg2 d6 9. 0-0 Qa5 10. h3 Bd7 11. Be3 Rac8 12. Nf4 Rfe8 13. Ncd5 Nxd5 14. exd5 Ne5 15. Bd4 Bf5 16. c3 Qa6 17. g4 Bd7 18. Re1 Bh6 19. Bxe5 dxe5 20. Nd3 f6 21. Re4 Bb5 22. Nb4 Qd6 23. a4 Bd7 24. Qe2 Rc5 25. c4 Ra5 26. Nd3 Rxa4 27. Rxa4 Bxa4 28. b4 Bd7 29. Qa2 e6 30. Re1 a6 31. Nc5 Kg7 32. dxe6 Bxe6 33. Bxb7 Qb6 34. Qa4 Bf7 35. Rd1 e4 36. Bxe4 Bf4 37. Rd7 Bb8 38. Rxf7+ Kxf7 39. Bd5+ Kg7 40. Qxe8 Qxb4 41. Ne6+ Kh6 42. Qf7 1-0

[Event "Nettetal op"]
[Site "Nettetal"]
[Date "2010.07.07"]
[Round "5"]
[White "Thomas, Ingo"]
[Black "Bakhmatov, Eduard"]
[Result "0-1"]
[WhiteElo "2135"]
[BlackElo "2312"]
[PlyCount "79"]
[EventDate "2010.07.03"]
[EventType "swiss"]
[EventRounds "9"]
[EventCountry "GER"]
[SourceTitle "CBM 137 Extra"]
[Source "ChessBase"]
[SourceDate "2010.09.01"]
[SourceVersion "1"]
[SourceVersionDate "2010.09.01"]
[SourceQuality "1"]

1. Nf3 c5 2. e4 e6 3. b3 d6 4. Bb2 Nf6 5. e5 dxe5 6. Nxe5 Nbd7 7. Bb5 a6 8. Nxd7 Nxd7 9. Be2 Nf6 10. 0-0 Bd6 11. d4 Qc7 12. h3 cxd4 13. Qxd4 e5 14. Qd2 0-0 15. c4 Bf5 16. Nc3 Rad8 17. Rad1 Rfe8 18. Qg5 Bg6 19. Nd5 Nxd5 20. Rxd5 Be4 21. Rdd1 f6 22. Qh4 Bc6 23. Bg4 Qf7 24. Bf5 g5 25. Qg4 e4 26. Rd4 e3 27. fxe3 Rxe3 28. Qd1 Qe7 29. Bg4 Rg3 30. Rf2 Qe3 31. Kf1 h5 32. Rxd6 Re8 33. Rd8 hxg4 34. Rxe8+ Qxe8 35. Re2 Qc8 36. hxg4 Rxg4 37. Rf2 Rh4 38. Qc2 Rh1+ 39. Ke2 Qe6+ 40. Kd2 0-1

[Event "Nettetal op"]
[Site "Nettetal"]
[Date "2010.07.05"]
[Round "3"]
[White "Bakhmatov, Eduard"]
[Black "Busch, Christian"]
[Result "1-0"]
[WhiteElo "2312"]
[BlackElo "2122"]
[PlyCount "145"]
[EventDate "2010.07.03"]
[EventType "swiss"]
[EventRounds "9"]
[EventCountry "GER"]
[SourceTitle "CBM 137 Extra"]
[Source "ChessBase"]
[SourceDate "2010.09.01"]
[SourceVersion "1"]
[SourceVersionDate "2010.09.01"]
[SourceQuality "1"]

1. e4 d5 2. exd5 Nf6 3. c4 c6 4. d4 cxd5 5. Nc3 Nc6 6. Bg5 Be6 7. Bxf6 gxf6 8. c5 Bg7 9. Bb5 Qd7 10. Nge2 Bg4 11. f3 Bf5 12. Nf4 e6 13. Nh5 Kf8 14. Qd2 Bg6 15. Nxg7 Kxg7 16. 0-0 Rad8 17. Ne2 Qc7 18. Rac1 Qa5 19. Qxa5 Nxa5 20. Nf4 a6 21. Ba4 Nc6 22. Rfd1 Rc8 23. a3 Rhd8 24. b4 Na7 25. Bb3 Nc6 26. Kf2 Rc7 27. h4 h6 28. Rd2 Rcd7 29. Rcd1 Rc7 30. Rb2 Rcd7 31. Rbd2 Rc7 32. Rh1 Rcd7 33. Rh3 Ne7 34. Rg3 Kh8 35. Rh3 e5 36. Ne2 Nc6 37. Rh1 Bf5 38. Rhd1 Be6 39. Bc2 Ne7 40. Ng3 Nc6 41. Ba4 Rc7 42. Bxc6 Rxc6 43. Nh5 exd4 44. Rxd4 f5 45. Nf4 b6 46. cxb6 Rxb6 47. Rc1 Kg7 48. Rc5 Rbd6 49. Ke3 Kf6 50. Rd2 d4+ 51. Kd3 Bd7 52. Nd5+ Kg6 53. Rdc2 Kg7 54. Ne7 Kf6 55. Nc6 Re8 56. a4 Re3+ 57. Kd2 f4 58. R2c4 Ra3 59. b5 axb5 60. axb5 Ra2+ 61. Rc2 Rxc2+ 62. Rxc2 Rd5 63. Rb2 Rd6 64. Nb8 Bc8 65. Rc2 Bb7 66. Rc7 Bd5 67. Kd3 Kg6 68. Rd7 Rxd7 69. Nxd7 Ba8 70. Kxd4 f6 71. b6 Kh5 72. Nxf6+ Kxh4 73. Ne4 1-0

[Event "Ruhrgebiet VK1 0910"]
[Site "Ruhrgebiet"]
[Date "2010.03.21"]
[Round "8.3"]
[White "Vengels, Joachim"]
[Black "Bakhmatov, Eduard"]
[Result "1/2-1/2"]
[WhiteElo "1970"]
[BlackElo "2312"]
[PlyCount "57"]
[EventDate "2009.09.06"]
[EventType "team"]
[EventRounds "9"]
[EventCountry "GER"]
[SourceTitle "EXT 2011"]
[Source "ChessBase"]
[SourceDate "2010.11.26"]
[SourceVersion "1"]
[SourceVersionDate "2010.11.26"]
[SourceQuality "1"]
[WhiteTeam "Hervest Dorsten"]
[BlackTeam "Hattingen"]
[WhiteTeamCountry "GER"]
[BlackTeamCountry "GER"]

1. c4 Nf6 2. Nc3 g6 3. Nf3 Bg7 4. g3 0-0 5. Bg2 d6 6. d3 c5 7. Bd2 Nc6 8. 0-0 d5 9. cxd5 Nxd5 10. Qc1 Nxc3 11. bxc3 Re8 12. Qa3 Qa5 13. Qxa5 Nxa5 14. Rab1 Rb8 15. Be3 Nc6 16. Bxc5 Bxc3 17. Rfc1 Bf6 18. Be3 Be6 19. a4 Bd5 20. Nd2 Bxg2 21. Kxg2 Rec8 22. Rc4 e5 23. Ne4 Be7 24. Rbc1 f5 25. Nc5 Na5 26. R4c3 Bxc5 27. Rxc5 Rxc5 28. Rxc5 Nc6 29. Rd5 1/2-1/2